000 01670nam a22004697a 4500
005 20200104041623.0
008 140227b2011 ck |||||r|||| 00| 0 spa d
020 _a9789588576039
040 _aCO-BoIAVH
_cCO-BoIAVH
041 _aspa
044 _ack
082 0 4 _a304.2
_bM77c
245 1 0 _aCultura y naturaleza :
_baproximaciones a propósito del bicentenario de la independencia de Colombia :
_ceditado por Leonardo Montenegro
250 _a1a. edición
260 _aBogotá (Colombia):
_bJardín Botánico de Bogotá, José Celestino Mutis,
_c2011.
300 _a472 páginas :
_bilustraciones, fotografías, gráficas, mapas y tablas ;
_c24 cm.
504 _aIncluye referencias bibliográficas.
650 6 _aCultura
650 6 _aNaturaleza
650 6 _aEcología
650 6 _aEcología política
650 6 _aMedio ambiente
650 6 _aAntropología de la naturaleza
650 6 _aBiología
700 1 _aUlloa, Astrid
700 1 _aEscobar, Arturo
700 1 _aDescola, Philippe
700 1 _aIngold, Tim
700 1 _aBierasck, Aletta
700 1 _aTsing, Anna L.
700 1 _aDussel, Enrique
700 1 _aLemm, Vanessa
700 1 _aGudynas, Eduardo
700 1 _aHernández-Ávila, Leonardo
700 1 _aTicona, Esteban
700 1 _aCastro-Gómez, Santiago
700 1 _aGarcía Bustamante, Miguel
700 1 _aTapia, Carmen Susana
700 1 _aArdila, Carolina
700 1 _aMontenegro Martínez, Leonardo
_dEditor
942 _2ddc
_cLIBRO
_02
999 _c8165
_d8165